00713nam a22001937a 450000500170000001000150001702000260003203500140005803700090007208200130008110000290009424500750012326000540019827000450025230000200029794200270031799900190034495201560036320250529164608.0 aENG-145035 c650.00a9789393166012 aEN-128567 bDBAD a305.421 aNaik, Abdul Basit981452 aBreaking The Stereotype:bInpiring Women of Kashmir/cAbdul Basit Naik bSocial Research Foundation c2022aUttar Predesh  a128/170, H-Block, Kidwai Nagar, bKanpur a250p.c21cm(Hb) 2ddccENh305.4mNAIe1 c211452d211452 001040708NFICaNPLbNPLd2025-05-29eDelivery of Books Act Divisiong650.00l0o305.4 NAIpEN-128567r2025-05-29 00:00:00t1v650.00w2025-05-29yEN